000 00838nam a22002777a 4500
001 BR8503572
003 BR-BrBNA
005 20230928092211.0
007 ta
008 230509b bl.||||| |||| 00| 0 por d
040 _aBR-BrBNA
_bpor
_cBiblioteca Nacional de Agricultura
041 _a(Por)
072 _aE80
090 _ E80 BR8503572
100 1 _aMonteiro, R.A.
100 1 _aColli, G.R.
100 1 _aPinheiro, P.C.
110 1 _aUniversidade Federal de Juiz de Fora, MG (Brasil)
_910800
245 1 _aEnsino de ciencias e a tecnologia popular - o sabao de cinza
_bApresentado no 1. Congresso de Educacao Atraves da Quimica
260 3 _aJuiz de Fora, MG (Brasil):
_c1985.
300 _a13 p.
650 _aTECNOLOGIA APROPRIADA
650 _aINDUSTRIALIZACAO
909 _a202309
_bLucia
_c55
_dLucia Elande
942 _cBK
999 _c37654
_d37654